Top 10 Tour de France 2014 - Statistiques

Statistiques générales
  • Ce quiz a été pris 69 fois
  • Le résultat moyen est 6 sur 10
Statistiques - réponses
Place Country Réponse % Correct
3 France Thibaut Pinot
97%
1 Italy Vincenzo Nibali
97%
6 France Romain Bardet
92%
4 Spain Alejandro Valverde
69%
2 France Jean-Christophe Péraud
67%
5 USA Tejay van Garderen
67%
10 Netherlands Bauke Mollema
47%
9 Netherlands Laurens ten Dam
28%
7 Czech Republic Leopold König
23%
8 Spain Haimar Zubeldia
19%
Aucun quiz correspondant
Distribution des résultats
% des personnes avec chaque résultat
Percentile par nombre de réponses
Votre historique - résultats
Vous n’avez pas pris ce quiz